000 00718nam a2200253Ia 4500
003 GCL
008 140319s9999 xx 000 0 ara d
040 _aGCL /
_cGCL
082 0 4 _a613.04232
_bخ ص
100 1 _aخليل مصطفى الديوانى
245 1 0 _aصحة الطفل /
_cخليل مصطفى الديوانى
260 _a[S.N] :
_bالهيئة المصرية العامة للكتاب ،
_c1987
300 _a175
490 _a
650 0 4 _aالاطفال
650 0 4 _aامراض
650 0 4 _aالامومة
650 0 4 _aطب الاطفال
650 0 4 _aالرعاية
650 0 4 _aالعناية الصحية
650 0 4 _aتغذية
650 0 4 _aتشخيص
942 _2ddc
_cBK
999 _c29321
_d29321